书目信息 |
| 题名: |
微机数据库程序设计及应用:Foxpro for Windows
|
|
| 作者: | 沈祥玖 主编 | |
| 分册: | ||
| 出版信息: | 北京 高等教育出版社 1997.11 |
|
| 页数: | 315页 | |
| 开本: | 16开 | |
| 丛书名: | ||
| 单 册: | ||
| 中图分类: | TP312 | |
| 科图分类: | ||
| 主题词: | 软件 | |
| 电子资源: | ||
| ISBN: | 7-04-006209-7 | |
| 000 | 00621nam0 2200193 45 | |
| 001 | 0106210807 | |
| 005 | 20010621081131.1 | |
| 010 | @a7-04-006209-7@d19.80元 | |
| 100 | @a20010621d1997 km y0chiy0120 ea | |
| 101 | 0 | @achi |
| 105 | @a z 000yy | |
| 200 | 1 | @a微机数据库程序设计及应用:Foxpro for Windows@AWei Ji Shu Ju Ku Cheng Xu She Ji Ji Ying Yong:Foxprofor Windows@f沈祥玖等主编@FShen Xiang Jiu Deng Zhu Bian |
| 210 | @a北京@c高等教育出版社@d1997.11 | |
| 215 | @a315页@d16开 | |
| 606 | 0 | @a软件 |
| 690 | @aTP312@v3 | |
| 701 | 0 | @a沈祥玖@4主编 |
| 801 | @aCN@bPftUser@c20010621 | |
| 905 | @f10@b349705-714@dTP312@eSH360 | |
| 微机数据库程序设计及应用:Foxpro for Windows/沈祥玖等主编.-北京:高等教育出版社,1997.11 |
| 315页;16开 |
| ISBN 7-04-006209-7:19.80元 |
| ● |
| 相关链接 |
|
|
|
正题名:微机数据库程序设计及应用:Foxpro for Wind
索取号:TP312/SH360
 
预约/预借
| 序号 | 登录号 | 条形码 | 馆藏地/架位号 | 状态 | 备注 |
| 1 | 349705 | 203497055 | 自科二线504/504自科库 16排1列3层/ [索取号:TP312/SH360] | 在馆 | |
| 2 | 349706 | 203497064 | 期刊室512/301自科库 46排2列2层/ [索取号:TP312/SH360] | 在馆 | |
| 3 | 349707 | 203497073 | 自科二线504/504自科库 4排3列3层/ [索取号:TP312/SH360] | 在馆 | |
| 4 | 349708 | 203497082 | 期刊室512/301自科库 46排2列2层/ [索取号:TP312/SH360] | 在馆 | |
| 5 | 349709 | 203497091 | 自科二线504/504自科库 4排3列3层/ [索取号:TP312/SH360] | 在馆 | |
| 6 | 349710 | 203497108 | 自科二线504/504自科库 4排3列3层/ [索取号:TP312/SH360] | 在馆 | |
| 7 | 349711 | 203497117 | 自科库301/301自科库 46排2列2层/ [索取号:TP312/SH360] | 在馆 | |
| 8 | 349712 | 203497126 | 自科二线504/504自科库 16排1列4层/ [索取号:TP312/SH360] | 在馆 | |
| 9 | 349713 | 203497135 | 自科二线504/504自科库 4排3列3层/ [索取号:TP312/SH360] | 在馆 | |
| 10 | 349714 | 203497144 | 自科二线504/504自科库 16排1列3层/ [索取号:TP312/SH360] | 在馆 |